Building on marginal and derelict land : proceedings of a conference organized by the Institution of Civil Engineers and held in Glasgow on 7-9 May 1986.

Bibliographic Details
Corporate Author: Institution of Civil Engineers
Format: Book
Language:English
Published: London : Telford, 1987.
Series:Institution of Civil Enginers conference.
Subjects:

MARC

Tag First Indicator Second Indicator Subfields
LEADER 00000cam a2200000 a 4500
001 in00000017282
005 20151007053433.0
008 870513s1987 enkab b 10000 eng d
010 |a gb 86029291  
015 |a GB86-29291 
020 |a 0727703641 :  |c No price 
035 |a (OCoLC)14717796 
035 |9 AAB1642AM 
040 |a UKM  |c UKM  |d TXA  |d UtOrBLW 
049 |a TXAM  |c [A12610321] 
050 0 0 |a HD111 
050 4 |a HD111  |b .B84 1987 
082 0 |a 333.76  |2 19 
245 0 0 |a Building on marginal and derelict land :  |b proceedings of a conference organized by the Institution of Civil Engineers and held in Glasgow on 7-9 May 1986. 
264 1 |a London :  |b Telford,  |c 1987. 
300 |a 861 pages :  |b illustrations, maps ;  |c 24 cm. 
336 |a text  |b txt  |2 rdacontent 
337 |a unmediated  |b n  |2 rdamedia 
338 |a volume  |b nc  |2 rdacarrier 
490 1 |a An Institution of Civil Enginers conference 
504 |a Includes bibliographies. 
650 0 |a Land use, Rural. 
710 2 |a Institution of Civil Engineers. 
830 0 |a Institution of Civil Enginers conference. 
999 |a MARS 
999 f f |s 834c6a1c-4aca-32d9-857a-133539a23b15  |i fbb1a4be-1ee6-3581-9294-e2bb84ed5bda  |t 0 
952 f f |p ric  |a Texas A&M University  |b Rellis Campus  |c Joint Library Facility  |d Remote Storage  |t 0  |e HD111 .B84 1987  |h Library of Congress classification  |i unmediated -- volume  |m A14812610321 
998 f f |a HD111 .B84 1987  |t 0  |l Remote Storage